000 00825nmc a2200313 a 4500
003 AR-BaBNM
005 20251128203446.0
008 297019s1954 ||||||||||||||000 | spa||
040 _cAR-BaBNM
100 1 _aHostos, Eugenio María de
245 1 0 _aEspaña y América
250 _a1ª ed.
260 _aParís
_bLiterarias y Artísticas
_c1954
300 _axxix, 627 p.
490 0 _aObras completas
_vv. 21
650 4 _aARTE
650 4 _aHISTORIA LATINOAMERICANA
650 4 _aESCLAVITUD
650 4 _aLITERATURA
650 4 _aCIENCIAS POLITICAS
650 4 _aINSTITUCIONES POLITICAS
650 4 _aGOBIERNO
651 4 _aPuerto Rico
651 4 _aCuba
700 1 _aTejada, Francisco Elías de
_eprologuista
700 1 _aHostos, Eugenio Carlos de
_ecolaborador
942 _cBK
998 _cmariana
999 _c3479
_d3479